000 00515nam a2200205Ia 4500
003 0100
008 130303s9999 xx 000 0 und d
040 _cARRUPELIB
050 _aB72.R77
245 _aTreasury of world philosophy
260 _aNew Jersey
260 _bLittlefield, Adams and Company
260 _C1959
300 _a1270p.
300 _b 21cm
440 _aNew Students Outline Series
650 _bJesuits-Canada-Biography
700 _aRunes, Dagobert David (ed.)
942 _2lcc
_01
999 _c59478
_d59478